[Event "Colonie op"]
[Site "Colonie"]
[Date "2003.02.01"]
[Round "2"]
[White "Le Cours, Alan R"]
[Black "Siline, Maxim"]
[Result "1-0"]
[WhiteElo "1917"]
[BlackElo "2244"]
[PlyCount "107"]
[EventDate "2003.01.31"]
[EventType "swiss"]
[EventRounds "5"]
[EventCountry "USA"]
[SourceTitle "EXT 2008"]
[Source "ChessBase"]
[SourceDate "2007.11.25"]
[SourceVersion "1"]
[SourceVersionDate "2007.11.25"]
[SourceQuality "1"]

1. e4 c5 2. Nf3 Nc6 3. d4 cxd4 4. Nxd4 Nf6 5. Nc3 d6 6. Bg5 e6 7. Qd2 a6 8. 0-0-0 h6 9. Be3 Nxd4 10. Qxd4 Be7 11. Be2 b5 12. f4 Bb7 13. Bf3 Qc7 14. Rhe1 Rb8 15. Qb6 Qxb6 16. Bxb6 Rc8 17. a3 Nd7 18. Ba5 0-0 19. Kb1 Rfe8 20. Rd2 Nc5 21. Red1 Bc6 22. Bb4 Nb7 23. Ne2 Nc5 24. Ng3 g6 25. f5 h5 26. fxg6 fxg6 27. Bxc5 dxc5 28. e5 h4 29. Ne4 Bxe4 30. Bxe4 Kg7 31. Rd7 Kh6 32. Ra7 Rcd8 33. Rxd8 Bxd8 34. Rxa6 b4 35. a4 Bc7 36. Rc6 Bxe5 37. Rxc5 Bxh2 38. a5 Re7 39. a6 Bg1 40. Rb5 g5 41. Rxb4 g4 42. Rb8 Kg5 43. b4 Kf4 44. Bc6 Ke5 45. b5 Ba7 46. Rh8 Bf2 47. Ka2 Kd6 48. Kb3 Kc5 49. Rg8 h3 50. gxh3 g3 51. h4 e5 52. h5 e4 53. Bxe4 Rxe4 54. a7 1-0

[Event "Colonie op"]
[Site "Colonie"]
[Date "2003.01.31"]
[Round "1"]
[White "Siline, Maxim"]
[Black "Romero, Stephen"]
[Result "1-0"]
[WhiteElo "2244"]
[BlackElo "1890"]
[PlyCount "59"]
[EventDate "2003.01.31"]
[EventType "swiss"]
[EventRounds "5"]
[EventCountry "USA"]
[SourceTitle "EXT 2008"]
[Source "ChessBase"]
[SourceDate "2007.11.25"]
[SourceVersion "1"]
[SourceVersionDate "2007.11.25"]
[SourceQuality "1"]

1. d4 Nf6 2. c4 e6 3. Nc3 Bb4 4. e3 c5 5. Bd3 Nc6 6. Nf3 0-0 7. 0-0 d5 8. a3 Bxc3 9. bxc3 dxc4 10. Bxc4 Qc7 11. Ba2 e5 12. d5 e4 13. dxc6 exf3 14. Qxf3 Bg4 15. Qg3 Qxc6 16. f3 Be6 17. c4 Rad8 18. Bb2 Bc8 19. Rad1 b6 20. Rd5 h6 21. Rfd1 Rxd5 22. cxd5 Qa4 23. Rd2 Nh5 24. Qe5 Nf6 25. Qc3 Qd7 26. e4 Bb7 27. Qe3 Qc7 28. d6 Qd8 29. e5 Re8 30. Qf4 1-0